Unlocking the Power of Parenting: Unraveling How Family Atmosphere and Parenting Styles Impact the Pivotal Role in Bullying Behavior

Šikanovanie v škole negatívne ovplyvňuje prostredie triedy, ako aj všetkých mladých ľudí, ktorí sa na šikanovaní zúčastňujú. Jedným z najdôležitejších faktorov súvisiacich so šikanovaním je rodina. V tejto štúdii sa u 155 adolescentov (vo veku 13 - 15 rokov) skúmal vplyv rodinnej atmosféry a rodičov...

Description complète

Enregistré dans:
Détails bibliographiques
Auteur principal: Dědová, Mária
Autres auteurs: Baník, Gabriel
Format: Chapitre de livre
Langue:anglais
Sujets:
Tags: Ajouter un tag
Pas de tags, Soyez le premier à ajouter un tag!

MARC

LEADER 00000naa a2200000 4500
001 0300074
005 20240418085329.0
041 0 |a eng 
044 |a SK 
245 1 0 |a Unlocking the Power of Parenting: Unraveling How Family Atmosphere and Parenting Styles Impact the Pivotal Role in Bullying Behavior  |c Mária Dědová, Gabriel Baník 
520 |a Šikanovanie v škole negatívne ovplyvňuje prostredie triedy, ako aj všetkých mladých ľudí, ktorí sa na šikanovaní zúčastňujú. Jedným z najdôležitejších faktorov súvisiacich so šikanovaním je rodina. V tejto štúdii sa u 155 adolescentov (vo veku 13 - 15 rokov) skúmal vplyv rodinnej atmosféry a rodičovského štýlu na rôzne roly v šikanovaní (šikanujúci, obete, obrancovia). Účastníci vyplnili tri sebahodnotiace škály merajúce šikanovanie, rodičovský štýl a rodinnú atmosféru. Na analýzu údajov sa použila Bayesova logistická regresia. Výsledky výskumu a poznatky o faktoroch súvisiacich s rodinnou atmosférou a výchovnými štýlmi, ktoré môžu byť veľmi užitočné pri príprave programov prevencie a intervencie šikanovania. 
610 2 0 |a rodina 
610 2 0 |a škola a prax 
610 2 0 |a správanie sociálne 
610 2 0 |a správanie asociálne 
610 2 0 |a šikanovanie 
610 2 0 |a psychológia sociálna 
610 2 0 |a prevencia sociálna 
610 2 0 |a výskum aplikovaný 
100 1 |a Dědová, Mária 
700 1 |a Baník, Gabriel